A student's guide to coding and information theory / (Record no. 17098)

MARC details
000 -LEADER
fixed length control field 00987cam a22002897a 4500
001 - CONTROL NUMBER
control field 17279972
005 - DATE AND TIME OF LATEST TRANSACTION
control field 20201128020937.0
008 - FIXED-LENGTH DATA ELEMENTS--GENERAL INFORMATION
fixed length control field 120430s2012 xxkadk frb f001 0 eng d
020 ## - INTERNATIONAL STANDARD BOOK NUMBER
International Standard Book Number 9781107015838 (hbk.)
020 ## - INTERNATIONAL STANDARD BOOK NUMBER
International Standard Book Number 1107015839 (hbk.)
020 ## - INTERNATIONAL STANDARD BOOK NUMBER
International Standard Book Number 9781107601963 (pbk.)
020 ## - INTERNATIONAL STANDARD BOOK NUMBER
International Standard Book Number 1107601967 (pbk.)
040 ## - CATALOGING SOURCE
Original cataloging agency EG-ScBUE
082 00 - DEWEY DECIMAL CLASSIFICATION NUMBER
Classification number 621.3822
Edition number 22
Item number MOS
100 1# - MAIN ENTRY--PERSONAL NAME
Personal name Moser, Stefan M.
9 (RLIN) 31415
245 12 - TITLE STATEMENT
Title A student's guide to coding and information theory /
Statement of responsibility, etc Stefan M. Moser, Po-Ning Chen.
260 ## - PUBLICATION, DISTRIBUTION, ETC. (IMPRINT)
Place of publication, distribution, etc Cambridge, United Kingdom ;
-- New York, United States :
Name of publisher, distributor, etc Cambridge University Press,
Date of publication, distribution, etc 2012.
300 ## - PHYSICAL DESCRIPTION
Extent xiii, 191 p. :
Other physical details chats, forms, tables ;
Dimensions 23 cm.
500 ## - GENERAL NOTE
General note Index : p. 187-191.
504 ## - BIBLIOGRAPHY, ETC. NOTE
Bibliography, etc Bibliography : p. 183-185.
650 #0 - SUBJECT ADDED ENTRY--TOPICAL TERM
Topical term or geographic name as entry element Coding theory
9 (RLIN) 2636
650 #0 - SUBJECT ADDED ENTRY--TOPICAL TERM
Topical term or geographic name as entry element Information theory
9 (RLIN) 3495
653 ## - INDEX TERM--UNCONTROLLED
Resource For college Engineering, Electrical
Arrived date list November2012
-- January2015
655 ## - INDEX TERM--GENRE/FORM
Form subdivision
-- 34232
700 1# - ADDED ENTRY--PERSONAL NAME
Personal name Chen, Po-Ning
9 (RLIN) 31420
942 ## - ADDED ENTRY ELEMENTS (KOHA)
Source of classification or shelving scheme Dewey Decimal Classification
Item type Book - Borrowing
Call number prefix 621.3822 MOS
Holdings
Withdrawn status Item status Source of classification or shelving scheme Damaged status Not for loan Vendor Home library Current library Shelving location Date acquired Source of acquisition Cost, normal purchase price Serial Enumeration / chronology Total Checkouts Total Renewals Full call number Barcode Date last seen Date last borrowed Koha item type Cost, replacement price Inventory number
    Dewey Decimal Classification     Baccah Central Library Central Library First floor 22/11/2012   180.00 16429 3 12 621.3822 MOS 000027824 15/07/2025 29/10/2015 Book - Borrowing    
    Dewey Decimal Classification     Baccah Central Library Central Library First floor 11/01/2015   214.00 21291     621.3822 MOS 000037262 15/07/2025   Book - Borrowing 268.00  
    Dewey Decimal Classification     Baccah Central Library Central Library First floor 11/01/2015     214     621.3822 MOS 000037263 15/07/2025   Book - Borrowing 268.00 21291